[Event "EU-ch blitz"]
[Site "Katowice"]
[Date "2017.12.15"]
[Round "2"]
[White "Isaev, Vasily"]
[Black "Pena Gomez, Manuel"]
[Result "0-1"]
[WhiteElo "1844"]
[BlackElo "2491"]
[PlyCount "58"]
[EventDate "2017.12.15"]
[EventType "swiss (blitz)"]
[EventRounds "22"]
[EventCountry "POL"]
[SourceTitle "CBM 182 Extra"]
[Source "ChessBase"]
[SourceDate "2018.02.23"]
[SourceVersion "1"]
[SourceVersionDate "2018.02.23"]
[SourceQuality "1"]

1. e4 c5 2. Nf3 e6 3. d4 cxd4 4. Nxd4 Nc6 5. c4 Nf6 6. Nc3 Bb4 7. Nc2 Be7 8. Be3 0-0 9. Be2 d6 10. 0-0 b6 11. f4 Bb7 12. Bf3 Rc8 13. Qe1 Na5 14. b3 d5 15. e5 Ne4 16. Rd1 Nxc3 17. Qxc3 Qc7 18. Qe1 dxc4 19. b4 Nc6 20. Qg3 g6 21. b5 Nb4 22. Nxb4 Bxb4 23. Bg4 Bc5 24. Bxc5 Qxc5+ 25. Kh1 c3 26. f5 exf5 27. Bxf5 Rcd8 28. Bxg6 hxg6 29. Rxf7 Rxd1+ 0-1

[Event "St Petersburg Summer op"]
[Site "St Petersburg"]
[Date "2017.08.19"]
[Round "4"]
[White "Khajrutdinov, Ildar"]
[Black "Isaev, Vasily"]
[Result "1-0"]
[WhiteElo "2109"]
[BlackElo "1852"]
[PlyCount "49"]
[EventDate "2017.08.16"]
[EventType "swiss"]
[EventRounds "9"]
[EventCountry "RUS"]
[SourceTitle "CBM 180 Extra"]
[Source "ChessBase"]
[SourceDate "2017.10.06"]
[SourceVersion "1"]
[SourceVersionDate "2017.10.06"]
[SourceQuality "1"]

1. d4 Nf6 2. c4 e6 3. Nf3 b6 4. g3 Ba6 5. b3 Bb4+ 6. Bd2 Be7 7. Bg2 Bb7 8. 0-0 c5 9. dxc5 Bxc5 10. Nc3 0-0 11. Bf4 d5 12. Ne5 Qc8 13. cxd5 Bxf2+ 14. Rxf2 Qxc3 15. Rc1 Qb4 16. Rc4 Qb5 17. dxe6 Bxg2 18. exf7+ Rxf7 19. Rc8+ Ne8 20. Nxf7 Na6 21. Nd6 Qd7 22. Kxg2 Rxc8 23. Qd5+ Kf8 24. Bh6+ Nf6 25. Rxf6+ 1-0

[Event "St Petersburg Summer op"]
[Site "St Petersburg"]
[Date "2017.08.16"]
[Round "1"]
[White "Isaev, Vasily"]
[Black "Yashmetov, Mikhail"]
[Result "0-1"]
[WhiteElo "1852"]
[BlackElo "2298"]
[PlyCount "106"]
[EventDate "2017.08.16"]
[EventType "swiss"]
[EventRounds "9"]
[EventCountry "RUS"]
[SourceTitle "CBM 180 Extra"]
[Source "ChessBase"]
[SourceDate "2017.10.06"]
[SourceVersion "1"]
[SourceVersionDate "2017.10.06"]
[SourceQuality "1"]

1. e4 g6 2. d4 Bg7 3. Nc3 d6 4. Bg5 a6 5. f4 b5 6. Nf3 Bb7 7. a3 Nd7 8. Be2 c5 9. d5 b4 10. axb4 cxb4 11. Na4 Ngf6 12. Qd4 0-0 13. Qxb4 Rb8 14. Qc4 Nb6 15. Qd3 Nxa4 16. Rxa4 Qb6 17. Bxf6 Bxf6 18. Nd4 Rfc8 19. Nc6 Bxc6 20. dxc6 Qxc6 21. Rc4 Qxc4 22. Qxc4 Rxc4 23. Bxc4 Rxb2 24. Kd2 Rb6 25. Rf1 e6 26. Rf3 Rc6 27. Be2 a5 28. Bb5 Rc5 29. c4 d5 30. exd5 exd5 31. Kd3 dxc4+ 32. Bxc4 a4 33. f5 Kg7 34. fxg6 hxg6 35. Rf2 a3 36. Ba2 Rc3+ 37. Kd2 Rc7 38. Kd3 Bb2 39. g4 Rc3+ 40. Ke4 f6 41. Kd5 Rh3 42. Ke6 Re3+ 43. Kd5 Be5 44. g5 fxg5 45. Rc2 Bf4 46. Bc4 Rh3 47. Re2 Rxh2 48. Re7+ Kh6 49. Ra7 g4 50. Ke4 Bd6 51. Ra6 g3 52. Rxd6 g2 53. Rd1 Rh1 0-1

[Event "Chigorin Memorial 22nd"]
[Site "St Petersburg"]
[Date "2014.10.25"]
[Round "8"]
[White "Isaev, Vasily"]
[Black "Evsyukov, Aleksey"]
[Result "1/2-1/2"]
[WhiteElo "1749"]
[BlackElo "1908"]
[PlyCount "42"]
[EventDate "2014.10.18"]
[EventType "swiss"]
[EventRounds "9"]
[EventCountry "RUS"]
[SourceTitle "EXT 2015"]
[Source "ChessBase"]
[SourceDate "2014.11.20"]
[SourceVersion "1"]
[SourceVersionDate "2014.11.20"]
[SourceQuality "1"]

1. e4 e5 2. Nf3 Nc6 3. Bb5 a6 4. Ba4 Nf6 5. Qe2 d6 6. c3 Be7 7. d4 0-0 8. Bxc6 bxc6 9. dxe5 dxe5 10. Nxe5 Qe8 11. Nd3 a5 12. Bf4 Ba6 13. Nd2 Rd8 14. c4 Qd7 15. Ne5 Qe6 16. 0-0 Rd4 17. Nef3 Rd7 18. Ne5 Rd4 19. Nef3 Rd7 20. Ne5 Rd4 21. Nef3 Rd7 1/2-1/2

[Event "Chigorin Memorial 22nd"]
[Site "St Petersburg"]
[Date "2014.10.18"]
[Round "1"]
[White "Tugarin, Anton"]
[Black "Isaev, Vasily"]
[Result "1-0"]
[WhiteElo "2242"]
[BlackElo "1749"]
[PlyCount "103"]
[EventDate "2014.10.18"]
[EventType "swiss"]
[EventRounds "9"]
[EventCountry "RUS"]
[SourceTitle "EXT 2015"]
[Source "ChessBase"]
[SourceDate "2014.11.20"]
[SourceVersion "1"]
[SourceVersionDate "2014.11.20"]
[SourceQuality "1"]

1. d4 d5 2. c4 e6 3. Nf3 c5 4. cxd5 exd5 5. Nc3 Nc6 6. g3 Nf6 7. Bg2 Be7 8. 0-0 0-0 9. b3 Ne4 10. Bb2 Bf6 11. Na4 cxd4 12. Nxd4 Ne5 13. Rc1 Bd7 14. Nc5 Nxc5 15. Rxc5 Be6 16. Qa1 Nd7 17. Rc2 Rc8 18. Rd2 Nb6 19. Rfd1 Rc7 20. a4 Rd7 21. h3 Nc8 22. e4 Re8 23. Nxe6 Bxb2 24. Qxb2 Rxe6 25. Rxd5 Red6 26. Qe5 b6 27. h4 Rxd5 28. Rxd5 Rxd5 29. exd5 Ne7 30. h5 a5 31. Be4 h6 32. Bf5 Nxd5 33. Bd3 Nf6 34. Be2 Kf8 35. Bc4 Kg8 36. Kg2 Qa8+ 37. f3 Qd8 38. g4 Kf8 39. Kg3 Kg8 40. Be2 Kh7 41. f4 Kh8 42. Bf3 Kg8 43. g5 hxg5 44. fxg5 Nh7 45. Kg4 Qd7+ 46. Kh4 Qd2 47. Kg4 Qb4+ 48. Be4 Qxb3 49. Bxh7+ Kxh7 50. g6+ fxg6 51. hxg6+ Kh8 52. Qb8+ 1-0